000 00696nam a2200289Ia 4500
005 20260324123538.0
008 008 260324s9999 xx 000 0 eng d
020 _a9780203830666
037 _aEBOOK
040 _aCRL
040 _beng
040 _cCRL
041 _2eng
041 _aeng
084 _qCRL
100 _aJohn Benson; Ying Zhu
_91170718
245 4 _aThe Dynamics of Asian Labour Markets
245 0 _bBalancing Control and Flexibility
260 _bTaylor and Francis
260 _c2011
365 _a
365 _b240
856 _uhttp://www.taylorfrancis.com/books/9780203830666
942 _cEBOOK
999 _c1764339
_d1764339